Szilágysági színek és formák

Elmentve itt :
Bibliográfiai részletek
Szerző: SZABÓ Vilmos
Adatforrás:Meister
Forrásdokumentuma:Művelődés. -
3 sz., 1992, 4-6 p.
Nyelv:magyar
Kulcsszavak:művelődési élet
Szilágyság
LEADER 00359nab a2200133 i 4500
001 bibPRO00002937
008 060524s1992 xx hun
040 |a Sz1 
041 |a hun 
100 1 |a SZABÓ Vilmos 
245 1 0 |a Szilágysági színek és formák  |c SZABÓ Vilmos 
695 |a művelődési élet 
695 |a Szilágyság 
773 0 |t Művelődés. -  |g 3 sz., 1992, 4-6 p.